000 00377 a2200169 4500
001 190877
020 _a978-85-7319-762-4
040 _cMagnum
100 _aHays, Peter
240 1 0 _aTemos de encontrar o froggy!
_lpor
245 1 0 _aTemos de encontrar o froggy!
300 _a48
362 0 _a2014
440 1 _aDimensão
697 _aLITERATURA INFANTIL
942 _cBK
999 _c190877
_d190877